000 00275nam a22001337a 4500
008 170210b xxu||||| |||| 00| 0 eng d
020 _a9780618610037
041 _aeng
080 _a61
100 _a4
101 _aSHM
245 _aHOW DOCTORS
_cGROOPMAN
942 _2udc
_cBK
999 _c5169
_d5169